Writing your thesis (Record no. 9577)
[ view plain ]
| 000 -LEADER | |
|---|---|
| fixed length control field | 00295nam a2200133 4500 |
| 003 - CONTROL NUMBER IDENTIFIER | |
| control field | OSt |
| 005 - DATE AND TIME OF LATEST TRANSACTION | |
| control field | 20210705110551.0 |
| 008 - FIXED-LENGTH DATA ELEMENTS--GENERAL INFORMATION | |
| fixed length control field | 210705b ||||| |||| 00| 0 eng d |
| 020 ## - INTERNATIONAL STANDARD BOOK NUMBER | |
| International Standard Book Number | 9788178299181 |
| 082 ## - DEWEY DECIMAL CLASSIFICATION NUMBER | |
| Classification number | 808.042 |
| Item number | OLI |
| 100 ## - MAIN ENTRY--PERSONAL NAME | |
| Personal name | Oliver, Paul |
| 245 ## - TITLE STATEMENT | |
| Title | Writing your thesis |
| 942 ## - ADDED ENTRY ELEMENTS (KOHA) | |
| Source of classification or shelving scheme | |
| Withdrawn status | Lost status | Source of classification or shelving scheme | Damaged status | Koha normalized classification for sorting | Not for loan | Permanent location | Current location | Date acquired | Total Checkouts | Full call number | Barcode | Date last seen | Date last borrowed | Price effective from | Koha item type |
|---|---|---|---|---|---|---|---|---|---|---|---|---|---|---|---|
| 808_042000000000000_OLI | BMS College of Architecture, Design and Planning | BMS College of Architecture, Design and Planning | 2021-07-05 | 1 | 808.042 OLI | AR-RD121 | 2023-09-05 | 2023-08-22 | 2021-07-05 | R&D Books |